|
|
|
|
| LEADER |
01138nam a2200301 a 4500 |
| 001 |
000002576 |
| 003 |
00921 |
| 005 |
20171229145311.0 |
| 008 |
171229s1993 eng |
| 040 |
|
|
|a LSK
|
| 041 |
0 |
|
|a ENG
|a VIE
|a FRE
|a GER
|
| 082 |
0 |
|
|a 603
|b PH-H
|
| 245 |
0 |
0 |
|a Từ điển kỹ thuật lạnh Việt - Anh - Nga - Pháp - Đức - Tây Ban Nha - Hán = Dictionary of refrigeration Vietnamese - English - Russian - France - German - Spanish - Chinese
|c Phan Hiền, Nguyễn Thị Mai Thanh
|
| 260 |
|
|
|b Khoa học Kỹ Thuật
|c 1993
|
| 300 |
|
|
|a 544 pages
|c 20,5 cm.
|
| 653 |
|
|
|a Điện lạnh - Kỹ thuật
|
| 852 |
|
|
|a Phòng Đọc
|
| 901 |
|
|
|a 5
|
| 927 |
|
|
|a Sách tham khảo
|
| OWN |
|
|
|a LSK
|
| AVA |
|
|
|a UDN50
|b LSK
|d 603 PH-H
|e available
|t Error 5001 Not defined in file expand_doc_bib_avail.
|f 5
|g 0
|h N
|i 0
|k 1
|
| 999 |
|
|
|a From the UDN01
|
| AVA |
|
|
|a UDN50
|b LSK
|d 603 PH-H
|e available
|t Error 5001 Not defined in file expand_doc_bib_avail.
|f 5
|g 0
|h N
|i 0
|k 1
|
| TYP |
|
|
|a Monograph
|
| TYP |
|
|
|a Printed language
|
| 980 |
|
|
|a Mạng thư viện Đại học Đà Nẵng
|